书目信息 |
| 题名: |
旅游文化学
|
|
| 作者: | 钟贤巍 主编 | |
| 分册: | ||
| 出版信息: | 北京 北京师范大学出版社 2004 |
|
| 页数: | 222页 | |
| 开本: | 23cm | |
| 丛书名: | ||
| 单 册: | ||
| 中图分类: | F590-05 | |
| 科图分类: | ||
| 主题词: | 旅游--文化 , 旅游 | |
| 电子资源: | ||
| ISBN: | 978-7-303-07199-9 | |
| 000 | 00762nam0 2200241 45 | |
| 001 | 1029843187 | |
| 005 | 20100428145708.31 | |
| 010 | @a978-7-303-07199-9@dCNY22.00 | |
| 100 | @a20100419e20072004em y0chiy0110 ea | |
| 101 | 0 | @achi |
| 102 | @aCN@b110000 | |
| 105 | @ay z 000yy | |
| 106 | @ar | |
| 200 | 1 | @a旅游文化学@ALu^ You Wen Hua Xue@f钟贤巍主编@FZhong Xian Wei Zhu Bian |
| 210 | @a北京@c北京师范大学出版社@d2004@h2007 | |
| 215 | @a222页@d23cm | |
| 330 | @a本书共分六章,论述了旅游文化资源、旅游文化类型、旅游产业文化、中国与世界旅游文化、旅游文化规划与社会发展。 | |
| 606 | 0 | @a旅游@x文化 |
| 606 | 0 | @a旅游 |
| 690 | @aF590-05@v4 | |
| 701 | 0 | @a钟贤巍@AZhong Xian Wei@4主编 |
| 801 | 0 | @aCN@bTANGWEI@c20100428 |
| 905 | @b0592983-87@dF590-05@e291@f5 | |
| 旅游文化学/钟贤巍主编.-北京:北京师范大学出版社,2004(2007) |
| 222页;23cm |
| ISBN 978-7-303-07199-9:CNY22.00 |
| 本书共分六章,论述了旅游文化资源、旅游文化类型、旅游产业文化、中国与世界旅游文化、旅游文化规划与社会发展。 |
| ● |
| 相关链接 |
|
|
|
|
正题名:旅游文化学
索取号:F590-05/291
 
预约/预借
| 序号 | 登录号 | 条形码 | 馆藏地/架位号 | 状态 | 备注 |
| 1 | 0592983 | 205929833 | 第一样本阅览室/ [索取号:F590-05/291] | 在馆 | |
| 2 | 0592984 | 205929842 | 第一借阅区/ [索取号:F590-05/291] | 在馆 | |
| 3 | 0592985 | 205929851 | 第一借阅区/ [索取号:F590-05/291] | 在馆 | |
| 4 | 0592986 | 205929860 | 第一借阅区/ [索取号:F590-05/291] | 在馆 | |
| 5 | 0592987 | 205929879 | 第一借阅区/ [索取号:F590-05/291] | 在馆 |